000 00257nam a22001097a 4500
999 _c168334
_d168334
082 _a
_b
100 _aJan Azthyana
245 _aHindi katha sahithya samakaleen sandart/
_cby Jan Azthyana.
260 _aMathura:
_bJawahar,
_c
650 _a
942 _cBK